00485nam a2200121Ia 4500008004100000100002600041245014000067245002600207260003900233260001400272650001800286856005900304160809s9999 xx 000 0 und d aSohr-Preston, Sara L. aBlogging about Family Building (Infertility, Pregnancy Loss, Adoption, Pregnancy, Trying to Conceive): Content and Blogging Motivations cSara L. Sohr-Preston. bStudies in Media and Communication cJune 2016 xCOMMUNICATION uhttp://redfame.com/journal/index.php/smc/issue/view/61